MLB WAR Leaders by Position 2023(as of 6/20) - Statistics

General Stats
  • This quiz has been taken 77 times
  • The average score is 73 of 112
Answer Stats
POS Team WAR Player % Correct
DH LAA 3.1 Shohei Ohtani
93%
SS TOR 2.8 Bo Bichette
91%
3B CLE 2.4 Jose Ramirez
90%
P PHI 3.1 Zack Wheeler
90%
SS NYM 2.0 Francisco Lindor
88%
DH BOS 1.0 Justin Turner
88%
SS PHI 1.1 Trea Turner
88%
C LAD 2.6 Will Smith
88%
DH HOU 2.3 Yordan Alvarez
88%
P ARI 3.3 Zac Gallen
88%
3B HOU 1.2 Alex Bregman
86%
SS CHC 2.7 Dansby Swanson
86%
SS TBR 3.3 Wander Franco
86%
1B LAD 3.1 Freddie Freeman
84%
P NYY 1.9 Gerrit Cole
84%
C PHI 1.2 J.T. Realmuto
84%
OF LAD 3.0 Mookie Betts
84%
1B STL 2.5 Paul Goldschmidt
84%
SS KCR 1.8 Bobby Witt Jr.
83%
P HOU 2.7 Framber Valdez
83%
3B BOS 1.1 Rafael Devers
83%
OF SDP 2.7 Fernando Tatis Jr.
81%
2B TEX 2.8 Marcus Semien
81%
3B TOR 2.0 Matt Chapman
81%
1B ATL 1.4 Matt Olson
81%
C BAL 1.9 Adley Rutschman
79%
1B NYY 1.0 Anthony Rizzo
79%
1B ARI 2.0 Christian Walker
79%
OF ARI 3.5 Corbin Carroll
79%
C COL 1.0 Elias Diaz
79%
OF SEA 1.9 Julio Rodriguez
79%
1B TEX 1.7 Nathaniel Lowe
79%
1B NYM 1.7 Pete Alonso
79%
OF ATL 3.4 Ronald Acuna Jr.
79%
C ATL 3.1 Sean Murphy
79%
SS SDP 1.9 Xander Bogaerts
79%
1B TBR 2.1 Yandy Diaz
79%
SS HOU 1.2 Jeremy Pena
78%
OF CHW 2.6 Luis Robert
78%
OF LAA 2.3 Mike Trout
78%
3B STL 1.4 Nolan Arenado
78%
2B ATL 1.6 Ozzie Albies
78%
2B ARI 1.7 Ketel Marte
76%
2B MIA 2.1 Luis Arraez
76%
3B LAD 1.2 Max Muncy
76%
C TEX 2.5 Jonah Heim
74%
OF SDP 2.4 Juan Soto
74%
3B PIT 1.2 Ke'Bryan Hayes
74%
P TOR 2.9 Kevin Gausman
74%
P SEA 2.1 Luis Castillo
74%
OF TEX 2.4 Adolis Garcia
71%
2B SDP 1.9 Ha-seong Kim
71%
2B NYM 1.2 Jeff McNeil
71%
P TEX 2.6 Nathan Eovaldi
71%
OF TBR 2.6 Randy Arozarena
71%
OF MIL 2.2 Christian Yelich
69%
SS SEA 1.1 J.P. Crawford
69%
P MIN 1.9 Pablo Lopez
69%
OF BAL 1.8 Cedric Mullins
67%
2B CIN 1.7 Jonathan India
67%
DH MIA 1.9 Jorge Soler
67%
P CHC 1.9 Marcus Stroman
67%
OF NYM 2.1 Brandon Nimmo
66%
OF HOU 1.2 Kyle Tucker
66%
2B CHC 1.9 Nico Hoerner
66%
SS STL 1.3 Tommy Edman
66%
1B SEA 1.1 Ty France
66%
P MIN 2.5 Sonny Gray
64%
OF BOS 2.4 Alex Verdugo
62%
2B CLE 1.0 Andres Gimenez
62%
P SEA 2.1 George Kirby
62%
3B BAL 1.4 Gunnar Henderson
62%
DH OAK 1.4 Brent Rooker
60%
OF PIT 1.6 Bryan Reynolds
60%
C SEA 1.3 Cal Raleigh
60%
3B TEX 2.1 Josh Jung
60%
P PIT 1.9 Mitch Keller
59%
OF PHI 1.3 Nick Castellanos
59%
DH PIT 1.1 Andrew McCutchen
57%
OF BAL 1.9 Austin Hays
57%
P MIN 2.3 Joe Ryan
55%
2B PHI 1.5 Bryson Stott
53%
OF TOR 1.1 George Springer
53%
P CHC 2.1 Justin Steele
53%
OF DET 1.6 Riley Greene
53%
OF CHC 1.3 Ian Happ
50%
OF BOS 1.1 Masataka Yoshida
50%
2B COL 1.8 Ryan McMahon
50%
2B SFG 2.6 Thairo Estrada
50%
2B STL 1.5 Brendan Donovan
48%
3B WSH 2.2 Jeimer Candelario
48%
1B SFG 1.9 LaMonte Wade Jr.
47%
OF TOR 1.0 Daulton Varsho
45%
3B SFG 1.9 J.D. Davis
45%
OF CLE 1.1 Steven Kwan
45%
OF LAD 1.4 James Outman
43%
OF ARI 1.3 Lourdes Gurriel Jr.
43%
OF WSH 1.2 Lane Thomas
41%
2B TOR 1.4 Whit Merrifield
41%
2B STL 1.1 Nolan Gorman
40%
2B LAA 1.5 Brandon Drury
38%
OF PHI 1.1 Brandon Marsh
36%
OF OAK 1.1 Esteury Ruiz
36%
3B TBR 1.8 Isaac Paredes
36%
1B OAK 1.8 Ryan Noda
34%
OF PIT 1.7 Jack Suwinski
33%
OF SEA 1.7 Jarred Kelenic
28%
P TBR 1.9 Zach Eflin
26%
OF PIT 1.0 Connor Joe
21%
OF TEX 1.9 Leody Taveras
19%
OF MIL 1.3 Joey Wiemer
16%
OF DET 1.3 Zach McKinstry
7%
No matching quizzes found
Score Distribution
Percent of People with Each Score
Percentile by Number Answered
Your Score History
You have not taken this quiz